Statistics for The most famous Balkan tennis players (2017)

Click here to take the quiz!

General Stats

  • This quiz has been taken 47 times
    (44 since last reset)
  • The average score is 9 of 18

Answer Stats

CountryCurrently rankingPlayer% Correct
Serbia (male)2.Novak Đoković
95%
Serbia (female)retiredAna Ivanović
81%
Bulgaria (male)13.Grigor Dimitrov
76%
Serbia (female)49.Jelena Janković
71%
Croatia (male)7.Marin Čilić
71%
Romania (female)4.Simona Halep
71%
Serbia (male)105.Janko Tipsarević
60%
Croatia (male)57.Borna Ćorić
52%
Serbia (male)37.Viktor Troicki
52%
Croatia (male)19.Ivo Karlović
48%
Bosnia&Herzegovina (male)82.Damir Džumhur
45%
Bulgaria (female)64.Tsvetana Pironkova
45%
Serbia (male)92.Dušan Lajović
36%
Romania (female)59.Sorana Cirstea
36%
Montenegro (female)68.Danka Kovinić
33%
Croatia (male)158.Ivan Dodig
31%
Serbia (female)132.Aleksandra Krunić
21%
Croatia (female)29.Mirjana Lučić
19%

Score Distribution

Percentile by Number Answered

Percent of People with Each Score

Your Score History

You have not taken this quiz since the last reset